| 000 | 00383nam a22001577a 4500 | ||
|---|---|---|---|
| 003 | MPLRDC | ||
| 005 | 20220104163517.0 | ||
| 008 | 210129b ||||| |||| 00| 0 eng d | ||
| 082 | _a193 BLB | ||
| 100 | _a不详 | ||
| 245 |
_aMAKING YOUR FAMILY LIFE HAPPY _c |
||
| 260 |
_a _bINTERNATIONAL BIBLE STUDENTS ASSOCIATION _c1978 |
||
| 300 | _b精 | ||
| 650 | _a | ||
| 942 |
_cBK _o193 BLB |
||
| 999 |
_c56498 _d56488 |
||